000 01845aam a22003254i 4500
999 _c45977
_d45977
001 768714001
003 CO-MdFUSB
005 20200515152345.0
007 ta
008 200515t1954 enk |||| |||| 00| 0 eng d
020 _a[No incluye ISBN]
040 _bspa.
_aCO-MdFUSB
_cCO-MdFUSB
_dCO-MdFUSBC
_erda
041 _aeng
082 _223
_a230.09
_bB563
100 _aBethune-Baker, J. F.
_eautor
245 1 3 _aAn introduction to the early history of christian doctrine :
_bto the time of the council of Chalcedon
_c/ J. F. Bethune-Baker
250 _aQuinta edición, revisada
264 1 _aLondres:
_bMethuen,
_c[1954]
264 4 _c© 1954
300 _axxvi, 454 páginas
_c; 23 cm
336 _atexto
_btxt
_2rdacontent
337 _2rdamedia
_asin mediación
_bn
338 _2rdacarrier
_avolumen
_bnc
505 _aUna introducción a la historia temprana de la doctrina cristiana: Hasta el tiempo del concilio de Calcedonia - Los inicios de las doctrinas del Nuevo Testamento - El desarrollo de doctrina - Las fuentes de doctrina: La tradición oral - Los intentos de los judíos en la interpretación - Los intentos de los gentiles en la interpretación - La reacción contra el gnosticismo y el monarquismo - La correspondencia entre Dionisio de Roma y Dionisio de Alejandría - La doctrina "Logos" - La doctrina de Tertuliano de la divinidad - la doctrina de Orígenes de la divinidad - La controversia arriana - La doctrina del Espíritu Santo y la Trinidad - El apolinarismo - El nestorianismo - El eutiquianismo - La doctrina del hombre; El pecado y la gracia; El pelagianismo - La doctrina de la expiación - La iglesia - El sacramento del bautismo - El sacramento de la eucaristía
563 _aPasta dura
650 7 _9179
_aTeología doctrinal
942 _cBK
945 _aJTF-925